000 00354nam a22001217a 4500
999 _c10310
_d10310
003 OSt
008 201203b ||||| |||| 00| 0 eng d
245 _aSRM-IMT Journal of Business and Management Research
250 _a2014(Jan-Jun Vol.2 No.2, Jul-Dec Vol.3 No.1)
260 _bSRM University Campus
_aNew Delhi
650 _aManagement
942 _2ddc
_cBV